000 00928nam a22002417a 4500
001 9636
003 FISKH
005 20260127095804.0
008 260127b cb ||||| |||| 00| 0 eng d
020 _a9780008529529
040 _aFISKH
_beng
_cFISKH
_dFISKH
050 _aPZ7 .M2695 .T
082 _a813.00
100 _aMafi, Tahereh
245 _aThese infinite threads /
_cTahereh Mafi
260 _aLondon :
_bElectric Monkey,
_c2023.
300 _a402 pages :
_c20 cm
490 _aThis Woven Kingdom :
_vBook two
520 _a"The heir to the human throne, Kamran falls in love with Alizeh, heir to the Jinn throne, who fulfills a long-foretold prophecy as being destined to free her people, a discovery that causes Kamran to question everything he's been taught about the Jinn and their future in his kingdom"--
650 _aFantasy
_vHigh Fantasy
_xPersian Mythology
942 _2ddc
_cBK
_n0
999 _c9636
_d9636